00234nam a2200097Ia 4500008004100000100000900041245005300050260000900103942000700112999001700119190216s9999||||xx |||||||||||||| ||und|| aNull 0aHindi-Hindi Ke Ithihasik Adyayome Ithihas Prayog bNull cBK c17523d17523